Tramlinien Basel #2 - Statistiken

Allgemein
  • Dieses Quiz wurde 26 mal gespielt
  • Das Durchschnittsergebnis liegt bei 51 aus 128
Antwortstatistiken
Linie Haltestelle % Korrekt
Dornach, Bahnhof
100%
Aeschenplatz
81%
Bahnhof SBB
81%
Bankverein
81%
Aesch, Dorf
75%
Barfüsserplatz
75%
Marktplatz
75%
Münchenstein, Dorf
75%
Neuweilerstrasse
75%
Schifflände
75%
Witterswil, Dorf
75%
Zoo
75%
Claraplatz
69%
Kaserne
69%
Kleinhüningen
69%
Markthalle
69%
Reinach, Süd
69%
Rheingasse
69%
Bläsiring
56%
Ciba
56%
Dreirosenbrücke
56%
Dreispitz
56%
Ettingen
56%
Feldbergstrasse
56%
Flüh
56%
Peter Merian
56%
10 Rodersdorf
56%
Schützenhaus
56%
Theater
56%
Bättwil
50%
Bottmingen, Batteriestrasse
50%
Bundesplatz
50%
Heuwaage
50%
M Parc
50%
Münchensteinerstrasse
50%
Neubad
50%
Binningen, Schloss
44%
Bottmingen, Schloss
44%
Leymen
44%
Bernerring
38%
Kleinhüningeranlage
38%
Münchenstein, Neuewelt/Grün 80
38%
Oberwil, Hüslimatt
38%
Oberwil, Zentrum
38%
Therwil, Zentrum
38%
Weil a. R., Grenze
38%
Zoo Bachleten
38%
Binningen, Oberdorf
31%
Dorenbach
31%
Im langen Loh
31%
Münchenstein, Schaulager
31%
Therwil, Känelmatt
31%
Voltaplatz
31%
Witterswil, Sonnenrain
31%
Arlesheim, Dorf
25%
Arlesheim, Im Lee
25%
Johanniterbrücke
25%
Laupenring
25%
Münchenstein, Elektra Birseck
25%
Münchenstein, Freilager
25%
Münchenstein, Gartenstadt
25%
Münchenstein, Hofmatt
25%
Münchenstein, Loogstrasse
25%
Münchenstein, Zollweiden
25%
Oberwil, Stallen
25%
Reinach, Dorf
25%
Reinach, Lochacker
25%
Weil a. R., Dreiländerbrücke
25%
Weil a. R., Riedlistrasse/Kesselhaus
25%
Arlesheim, Baselstrasse
19%
Binningen, Bottmingermühle
19%
Inselstrasse
19%
IWB
19%
Münchenstein, Birseckstrasse
19%
Münchenstein, Heiligholz
19%
Münchenstein, Spengler
19%
Reinach, Landererstrasse
19%
Reinach, Landhof
19%
Reinach, Reinacherhof
19%
Reinach, Surbaum
19%
Reinach, Vogesenstrasse
19%
St. Johanns-Tor
19%
Universitätsspital
19%
Münchenstein, Loogstrasse
13%
Aesch, Arlesheimerstrasse
6%
Aesch, Herrenweg
6%
Arlesheim, Stollenrein
6%
Hüningerstrasse
6%
Mühlhauserstrasse
6%
Tellplatz
6%
Arlesheim, Brown Boveri
0%
Bahnhofeingang Gundeldingen
0%
Bahnhof SBB
0%
11 Grenze(St. Louis)
0%
Heiliggeistkirche
0%
Solothurnerstrasse
0%
8 Weil a. R., Bahnhof
0%
Keine übereinstimmenden Quizze gefunden
Verteilung der Resultate
Anzahl Personen mit jedem Resultat
Perzentil nach korrekt beantworteten Fragen
Ihre Resultats-Entwicklung
Sie haben dieses Quiz noch nicht gespielt